00400nam a2200133Ia 450000500170000000800410001708200130005810000120007124500940008326000470017730000170022465000120024165000130025320250210012249.0240331s9999 xx 000 0 und d bKNOa954 aKnox, R 0a Account of the captivity of Robert Knox :b and other englishmen in the island of Ceylon aColombobM.D. Gunasena & Co., Ltd., c1818 axi, 146 p ., aHistory aReligion